书目信息 |
| 题名: |
列宁的革命活动
|
|
| 作者: | 彼得罗夫 著 ;梅林 译 | |
| 分册: | ||
| 出版信息: | 北京 中国青年出版社 1954 |
|
| 页数: | 157页 | |
| 开本: | 21cm | |
| 丛书名: | ||
| 单 册: | ||
| 中图分类: | A732 | |
| 科图分类: | ||
| 主题词: | 列宁--生平事迹 , 列宁--传记 | |
| 电子资源: | ||
| ISBN: | ||
| 000 | 00638nam0 2200217 450 | |
| 001 | 0661906656 | |
| 005 | 20060726171315.76 | |
| 010 | @dCNY0.76 | |
| 100 | @a20060726d1954 km y0chiy0120 ea | |
| 101 | 0 | @achi@crus |
| 102 | @aCN@b110000 | |
| 200 | 1 | @a列宁的革命活动@Alie ning de ge ming huo dong@f(苏)彼得罗夫等著@F(su)bi de luo fu deng zhu@g梅林等译@Gmei lin deng yi |
| 210 | @a北京@c中国青年出版社@d1954 | |
| 215 | @a157页@d21cm | |
| 606 | 0 | @a列宁@x生平事迹 |
| 606 | 0 | @a列宁@x传记 |
| 690 | @aA732@v3 | |
| 701 | 0 | @a彼得罗夫@Abi de luo fu@4著 |
| 702 | 0 | @a梅林@Amei lin@4译 |
| 801 | 0 | @aCN@bPFT@c20060726 |
| 905 | @a10447@dA732@e133 | |
| 列宁的革命活动/(苏)彼得罗夫等著/梅林等译.-北京:中国青年出版社,1954 |
| 157页;21cm |
| ISBN :CNY0.76 |
| ● |
| 相关链接 |
|
|
|
|
正题名:列宁的革命活动
索取号:A732/133
 
预约/预借
| 序号 | 登录号 | 条形码 | 馆藏地/架位号 | 状态 | 备注 |
| 1 | 0439769 | 204397697 | 密集书库/ [索取号:A732/133] | 在馆 |